[Event "Stay Safe Play From Home 318"]
[Site "Emanuel Lasker Arena"]
[Date "2020.07.20"]
[Round "1"]
[White "TheCHESSHOUSE"]
[Black "Klausen"]
[Result "1-0"]
[WhiteElo "1859"]
[BlackElo "2060"]
[Annotator "TA"]
[PlyCount "117"]
[EventDate "2020.07.20"]
[EventType "swiss (blitz)"]

{[%evp 24,117,25,22,20,14,48,10,53,15,37,16,47,46,45,38,47,37,65,51,59,-74,-29,-25,13,-29,-39,-73,-59,-170,-116,-81,-86,-115,-37,-54,103,-62,-64,-124,-106,-71,-77,-174,-168,-183,-194,-249,-237,-243,-84,-97,0,0,1097,1080,1091,1088,1162,1183,1027,1018,977,975,1223,1229,1192,1156,1311,964,1020,959,1321,988,1180,1229,29976,29976,29982,29984,29983,29985,29984,29985,29991,29992,29992,29978,29978,29978,29979,29979,29980,29980,29991,0]} 1. d4 e6 2. c4 Bb4+ 3. Bd2 Qe7 4. Nf3 Nf6 5. g3 Nc6 6. Bg2 Bxd2+ 7. Nbxd2 d6 8. e4 e5 9. d5 Nb8 10. O-O O-O 11. b4 a5 12. a3 Na6 13. Qb3 Bg4 {E11: Bogo-Indian.} 14. h3 {[#]} Bh5 $146 ({Predecessor:} 14... Bxf3 15. Bxf3 c6 16. Bg2 Rfb8 17. Rfc1 axb4 18. axb4 c5 19. b5 Nb4 20. Nf1 Qd8 21. Ne3 {½-½ (29) Murugan,K (2425)-Jussupow,A (2605) Novi Sad 1990}) 15. Rfe1 Bg6 {The position is equal.} 16. Rad1 Nd7 17. Rc1 h6 18. Nh4 Bh7 19. Nf5 Bxf5 20. exf5 Qg5 21. Ne4 Qxf5 22. Re3 (22. c5 $1 $14 {stays ahead.}) 22... axb4 23. axb4 Nf6 24. g4 Qg6 25. Ng3 h5 26. Nf5 ({White should try} 26. Nxh5 $15 Nxh5 27. gxh5 Qxh5 28. Rec3) 26... Rfe8 (26... Qg5 $1 $19 27. f3 Rfe8) 27. Rg3 $17 {Threatening Nxg7!} hxg4 28. hxg4 {[#]} e4 (28... Nxg4 $2 29. Qf3 $18) ({Better is} 28... Nh5 $1 $17 {[%mdl 512]} 29. gxh5 Qxf5) 29. Re1 Nxg4 $2 (29... Qg5 $15 {keeps the upper hand.}) 30. Rxe4 $2 (30. Bxe4 $16 {And now Qf3 would win.} Qh5 31. Rh3) 30... Qxf5 $15 31. Rexg4 (31. Rgxg4 $15 Qf6 32. Qa3) 31... Re1+ 32. Kh2 g6 ({Not} 32... Qxf2 $2 33. Rxg7+ Kf8 34. Rg8+ Ke7 35. Rxa8 $18) 33. Qb2 (33. c5 $17 {might work better.}) 33... Rae8 $19 {Hoping for ...R8e2.} ({Don't play} 33... Rb1 34. Qc3 $15) 34. Rh4 {[%csl Gb2][%cal Rh4h8]} Qe5 35. Qd2 {[#]} (35. Qxe5 $142 R8xe5 36. f4) 35... Re2 $1 {[%cal Re2d2]} 36. Qh6 Qg7 $2 (36... Rxf2 $19 {and Black stays clearly on top. Threatens to win with ...Qg7.} 37. Qh7+ Kf8 38. Qh8+ Ke7 39. Qxe5+ dxe5) 37. Qf4 $17 R2e5 (37... Nxb4 $17 {aiming for ...Nd3!} 38. Rgh3 R2e7) 38. Rgh3 $36 {[%mdl 2048] White fights for an advantage.} Rh5 $2 {[%mdl 8192]} (38... Rf5 $11 39. Qd2 g5) 39. Rxh5 $18 gxh5 40. Rg3 Nxb4 41. Rxg7+ Kxg7 42. Qg5+ Kf8 43. Qxh5 Ke7 44. Qg5+ Kf8 45. Bh3 Nd3 46. Qf5 Ne5 47. f4 Ng6 48. Qg5 Kg7 49. Bf5 Re2+ 50. Kg3 {White mates.} Re3+ 51. Kf2 Re8 52. Bxg6 fxg6 {[%mdl 4096] Endgame KQ-KR} 53. f5 Rf8 54. Qxg6+ Kh8 55. Kg3 Rg8 56. Kg4 Rxg6+ 57. fxg6 Kg7 58. Kg5 c6 {[#]} 59. dxc6 $2 {[%mdl 32768] Accuracy: White = 57%, Black = 41%. . Loss on time!?} (59. c5 $1 {[%mdl 512] mates} Kf8 (59... dxc5 60. d6) 60. Kf6 Ke8 61. g7 Kd8 62. g8=Q+ Kc7 63. Ke7 b6 64. Qd8+ {[%mdl 64] Double Attack} Kb7 65. Qxb6+ {[%mdl 64] Double Attack} Kc8 66. Kxd6 cxd5 67. Qc7#) 1-0

[Event "Stay Safe Play From Home 318"]
[Site "Emanuel Lasker Arena"]
[Date "2020.07.20"]
[Round "1"]
[White "Haris kollari 13"]
[Black "NTBT_DHS"]
[Result "0-1"]
[WhiteElo "1834"]
[BlackElo "1620"]
[Annotator "NA RC"]
[PlyCount "78"]
[EventDate "2020.07.20"]
[EventType "swiss (blitz)"]

1. e4 {[%emt 0:00:02]} c5 {[%emt 0:00:02]} 2. Nf3 {[%emt 0:00:01]} d6 {[%emt 0:00:00]} 3. d4 {[%emt 0:00:00]} cxd4 {[%emt 0:00:00]} 4. Nxd4 {[%emt 0:00:00]} Nf6 {[%emt 0:00:00]} 5. Nc3 {[%emt 0:00:00]} a6 {[%emt 0:00:00]} 6. f4 {[%emt 0:00:01]} g6 {[%emt 0:00:04]} 7. Be3 {[%emt 0:00:01]} Bg7 {[%emt 0:00:00]} 8. Be2 {[%emt 0:00:01]} O-O {[%emt 0:00:01]} 9. Qd2 {[%emt 0:00:00]} Nc6 {[%emt 0:00:00]} 10. h3 {[%emt 0:00:01]} d5 {[%emt 0:00:03]} 11. e5 {[%emt 0:00:01]} Ne4 {[%emt 0:00:02]} 12. Nxe4 {[%emt 0:00:01]} dxe4 {[%emt 0:00:00]} 13. O-O-O {[%emt 0:00:01]} Bd7 {[%emt 0:00:07]} 14. Qc3 {[%emt 0:00:10]} Qc8 {[%emt 0:00:15]} 15. g4 {[%emt 0:00:05]} Nxd4 {[%emt 0:00:04]} 16. Qxc8 {[%emt 0:00:04]} Nxe2+ {[%emt 0:00:02]} 17. Kd2 {[%emt 0:00:01]} Raxc8 {[%emt 0:00:01]} 18. Kxe2 {[%emt 0:00:00]} Rxc2+ {[%emt 0:00:01]} 19. Ke1 {[%emt 0:00:01]} Bb5 {[%emt 0:00:01]} 20. Bd2 {[%emt 0:00:06]} e3 {[%emt 0:00:01]} 21. Bc3 {[%emt 0:00:04]} Re2+ {[%emt 0:00:00]} 22. Kf1 {[%emt 0:00:03]} Rxb2+ {[%emt 0:00:14]} 23. Kg1 {[%emt 0:00:02]} Rxa2 {[%emt 0:00:01]} 24. Re1 {[%emt 0:00:02]} e2 {[%emt 0:00:03]} 25. Kf2 {[%emt 0:00:02]} Rc8 {[%emt 0:00:01]} 26. Bd4 {[%emt 0:00:01]} Rc4 {[%emt 0:00:03]} 27. Be3 {[%emt 0:00:01]} f6 {[%emt 0:00:04]} 28. exf6 {[%emt 0:00:04]} Bxf6 {[%emt 0:00:00]} 29. Rxe2 {[%emt 0:00:01]} Rxe2+ {[%emt 0:00:03]} 30. Kxe2 {[%emt 0:00:01]} Rc1+ {[%emt 0:00:00]} 31. Kf3 {[%emt 0:00:03]} Rxh1 {[%emt 0:00:00]} 32. g5 {[%emt 0:00:01]} Bc6+ {[%emt 0:00:01]} 33. Kg4 {[%emt 0:00:02]} Bc3 {[%emt 0:00:02]} 34. Bc5 {[%emt 0:00:01]} Rh2 {[%emt 0:00:03]} 35. h4 {[%emt 0:00:01]} Rg2+ {[%emt 0:00:01]} 36. Kh3 {[%emt 0:00:01]} Be1 {[%emt 0:00:00]} 37. f5 {[%emt 0:00:02]} gxf5 {[%emt 0:00:01]} 38. h5 {[%emt 0:00:01]} Rxg5 {[%emt 0:00:02]} 39. Bxe7 {[%emt 0:00:01]} Rxh5+ {[%emt 0:00:02] Haris kollari 13 resigns (Lag: Av=0.58s, max=1.1s)} 0-1

[Event "Stay Safe Play From Home 318"]
[Site "Emanuel Lasker Arena"]
[Date "2020.07.20"]
[Round "1"]
[White "Klasman"]
[Black "Dukic"]
[Result "0-1"]
[WhiteElo "1509"]
[BlackElo "1936"]
[Annotator "TA"]
[PlyCount "46"]
[EventDate "2020.07.20"]
[EventType "swiss (blitz)"]

{[%evp 9,46,7,61,41,65,64,101,52,64,57,55,-56,0,0,0,12,12,-209,-194,-224,-215,-250,-220,-221,-225,-247,-266,-259,-264,-370,0,-481,-416,-537,-527,-617,-616,-592,-587]} 1. f4 d6 2. e4 Nd7 3. d4 e5 4. dxe5 dxe5 5. Nf3 {[#]} Qe7 $146 (5... Bd6 $11) ({Predecessor:} 5... Ngf6 6. Bd3 Bd6 7. fxe5 Nxe5 8. Nxe5 Bxe5 9. O-O Bg4 10. Qe1 Qd6 11. h3 Be6 {0-1 (32) Espirito Santo,W (1923)-Asante Debesai,Z (1712) Casablanca 2019}) 6. Bc4 {B07: Pirc Defence: Miscellaneous Systems.} c6 7. Nc3 h6 8. fxe5 {White is better.} Nxe5 9. Nxe5 Qxe5 10. Bb3 ({White should play} 10. Rf1 $14 Nf6 11. Bf4) 10... Bc5 (10... Nf6 $15) 11. Qf3 $1 $11 {[%cal Rf3f7]} Nf6 12. Bf4 Qe7 13. O-O-O $2 (13. h3 $1 $11) 13... Bg4 $19 {[%mdl 64] [#] Skewer} 14. Qd3 Bxd1 15. Rxd1 {intending e5.} O-O 16. e5 {[#]} Nh5 $1 {[%cal Rh5f4]} 17. Bd2 Qxe5 18. Re1 Qxh2 19. Qf5 (19. Ne4 {was called for.} Nf4 20. Qf3 Nxg2 21. Rf1) 19... Nf6 $2 (19... Bb4 $19 {White must now prevent ...Rad8.} 20. Qg4 Bxc3 21. Bxc3 Qf4+ 22. Qxf4 Nxf4) 20. Ne2 $2 {[%mdl 8192]} (20. Qxc5 $11 {and White has nothing to worry.} a5 21. a3) 20... Bb6 21. Nf4 Rae8 {Hoping for ...Rxe1+.Black is clearly winning.} 22. Rd1 Be3 23. Bxe3 Rxe3 {Accuracy: White = 44%, Black = 76%.} 0-1

[Event "Stay Safe Play From Home 318"]
[Site "Emanuel Lasker Arena"]
[Date "2020.07.20"]
[Round "2"]
[White "Klausen"]
[Black "Justwatch"]
[Result "1-0"]
[WhiteElo "2034"]
[BlackElo "1469"]
[Annotator "TA"]
[PlyCount "55"]
[EventDate "2020.07.20"]
[EventType "swiss (blitz)"]

{[%evp 16,55,57,56,95,81,123,119,293,287,284,263,492,472,505,506,462,487,490,487,529,537,1431,1506,5310,5302,1550,1547,5285,5097,1385,1045,978,967,951,939,950,942,1272,1214,1573,1544]} 1. Nf3 Nf6 2. d4 d5 3. c4 g6 4. cxd5 Nxd5 5. h3 Bg7 6. e4 Nb6 7. Nc3 O-O 8. Be2 Nc6 9. Be3 Bd7 {D70: Grünfeld: Unusual White 3rd moves (met by ...d5).} 10. O-O Qc8 11. Rc1 Bxh3 $2 (11... e6 $16) 12. gxh3 $18 Qxh3 {[#]} 13. Ng5 $146 ({Predecessor:} 13. Nh2 Nxd4 14. Bxd4 Rad8 15. Bxg7 Rxd1 16. Rfxd1 Kxg7 17. Rd3 Nc4 18. Rxh3 a6 19. b3 {1-0 (19) Noble,J-Yangibayev,R LSS email 2007}) 13... Qh4 $2 {[#]} (13... Qd7 {was necessary.} 14. d5 Ne5) 14. Kg2 $1 {White is clearly winning.} Bxd4 15. Rh1 ({Inferior is} 15. Bxd4 Qxg5+ 16. Kh3 Nxd4 $11) 15... Bxe3 16. Rxh4 Bxg5 17. Qh1 Bxh4 18. Qxh4 Nd4 19. Rh1 {[%csl Gh1][%cal Rh4h7]} h5 {[#]} 20. Bxh5 $1 {[%mdl 512]} Kg7 {[#]} (20... gxh5 21. Qg5+) 21. Bxg6 $1 {[%mdl 512] White threatens Bf5 and mate.} fxg6 22. Qxe7+ {[%mdl 64] Double Attack} Rf7 23. Rh7+ {[%mdl 64] Deflection, Decoy} Kxh7 24. Qxf7+ Kh6 25. Qf4+ Kg7 26. Qe5+ {[%mdl 64] Double Attack} Kh6 27. Qxd4 Rg8 28. Nd5 {Black got outplayed after the opening. Accuracy: White = 94%, Black = 25%.} 1-0

[Event "Stay Safe Play From Home 318"]
[Site "Emanuel Lasker Arena"]
[Date "2020.07.20"]
[Round "2"]
[White "Möwe"]
[Black "Haris kollari 13"]
[Result "0-1"]
[WhiteElo "1657"]
[BlackElo "1808"]
[Annotator "NA RC"]
[PlyCount "66"]
[EventDate "2020.07.20"]
[EventType "swiss (blitz)"]

1. e4 {[%emt 0:00:01]} e6 {[%emt 0:00:01]} 2. Nf3 {[%emt 0:00:02]} d5 {[%emt 0:00:01]} 3. exd5 {[%emt 0:00:01]} exd5 {[%emt 0:00:02]} 4. d4 {[%emt 0:00:00]} Bg4 {[%emt 0:00:01]} 5. Bd3 {[%emt 0:00:01]} Bd6 {[%emt 0:00:01]} 6. O-O {[%emt 0:00:01]} Ne7 {[%emt 0:00:01]} 7. Bg5 {[%emt 0:00:02]} O-O {[%emt 0:00:02]} 8. Re1 {[%emt 0:00:01]} h6 {[%emt 0:00:03]} 9. Bh4 {[%emt 0:00:02]} Re8 {[%emt 0:00:03]} 10. Nbd2 {[%emt 0:00:02]} c6 {[%emt 0:00:02]} 11. c4 {[%emt 0:00:02]} Nd7 {[%emt 0:00:03]} 12. Qc2 {[%emt 0:00:04]} dxc4 {[%emt 0:00:05]} 13. Bxc4 {[%emt 0:00:02]} Qc7 {[%emt 0:00:03]} 14. Bxe7 {[%emt 0:00:07]} Rxe7 {[%emt 0:00:01]} 15. Rxe7 {[%emt 0:00:02]} Bxe7 {[%emt 0:00:01]} 16. Re1 {[%emt 0:00:07]} Bf6 {[%emt 0:00:01]} 17. Qb3 {[%emt 0:00:11]} Rf8 {[%emt 0:00:03]} 18. h3 {[%emt 0:00:04]} Bh5 {[%emt 0:00:02]} 19. Ne4 {[%emt 0:00:02]} Bxf3 {[%emt 0:00:05]} 20. Qxf3 {[%emt 0:00:04]} b5 {[%emt 0:00:08]} 21. Bd3 {[%emt 0:00:05]} Bxd4 {[%emt 0:00:03]} 22. b3 {[%emt 0:00:10]} Re8 {[%emt 0:00:06]} 23. Rc1 {[%emt 0:00:12]} Ne5 {[%emt 0:00:07]} 24. Qg3 {[%emt 0:00:06]} Re6 {[%emt 0:00:12]} 25. Nc5 {[%emt 0:00:09]} Rf6 {[%emt 0:00:08]} 26. Rc2 {[%emt 0:00:09]} Qe7 {[%emt 0:00:16]} 27. Ne4 {[%emt 0:00:08]} Rg6 {[%emt 0:00:07]} 28. Qf4 {[%emt 0:00:12]} Nxd3 {[%emt 0:00:04]} 29. Qb8+ {[%emt 0:00:05]} Kh7 {[%emt 0:00:03]} 30. Nd2 {[%emt 0:00:28]} Bxf2+ {[%emt 0:00:10]} 31. Kh1 {[%emt 0:00:04]} Qe1+ {[%emt 0:00:01]} 32. Nf1 {[%emt 0:00:02]} Qxf1+ {[%emt 0:00:02]} 33. Kh2 {[%emt 0:00:00]} Qg1# {[%emt 0:00:02] (Lag: Av=0.48s, max=0.8s)} 0-1

[Event "Stay Safe Play From Home 318"]
[Site "Emanuel Lasker Arena"]
[Date "2020.07.20"]
[Round "2"]
[White "NTBT_DHS"]
[Black "Dukic"]
[Result "1-0"]
[WhiteElo "1620"]
[BlackElo "1939"]
[Annotator "TA"]
[PlyCount "89"]
[EventDate "2020.07.20"]
[EventType "swiss (blitz)"]

{[%evp 10,89,27,31,27,0,0,0,0,-7,0,-55,-57,-59,168,170,174,164,130,139,185,187,176,78,76,70,64,46,60,29,164,39,47,56,54,40,102,107,121,45,52,23,64,68,85,86,129,129,136,97,143,135,144,149,158,138,156,156,183,175,181,129,124,115,149,145,146,137,194,124,395,362,438,456,439,285,402,412,369,337,369,165]} 1. e4 d6 2. f4 Nd7 3. Nf3 e5 4. d4 exd4 5. Nxd4 Ngf6 6. Nc3 g6 {B07: Pirc Defence: Miscellaneous Systems.} 7. Bc4 Bg7 8. O-O O-O {The position is equal.} 9. f5 c6 10. Bg5 {[#]} (10. Bb3 $11) 10... Qb6 $146 ({Predecessor:} 10... Qc7 11. fxg6 hxg6 12. Qd2 b5 13. Bd3 Ng4 14. Be2 Nc5 15. Bxg4 Bxg4 16. h3 b4 {½-½ (41) Dzhaumutbaev,E (2148)-Zakharova,E (1914) Moscow 2017}) 11. Kh1 Nxe4 $2 {[#]} (11... Qxb2 $15 {keeps the upper hand.} 12. Qd2 b5) 12. Nxe4 $18 Qxd4 13. Qxd4 Bxd4 14. Nxd6 Nb6 {[#]} 15. Bb3 $1 Nd5 16. c3 (16. Bxd5 $18 {has better winning chances.} cxd5 17. Be7) 16... Be5 $16 17. Nxc8 Raxc8 18. Rae1 Rfe8 19. g3 Bd6 (19... Kg7 $11 {and Black stays safe.}) 20. Rd1 (20. fxg6 $18 hxg6 21. Rxe8+ Rxe8 22. c4) 20... Be7 $14 21. Bh6 Rcd8 22. Rd3 gxf5 (22... b5 $14) 23. Rxf5 $16 Bf8 24. Bxf8 ({White should try} 24. Bg5 $16 Rd6 25. Bxd5 Rxd5 26. Rdxd5 cxd5 27. Rxd5) 24... Kxf8 $14 25. Bxd5 cxd5 $16 {[%mdl 4096] Endgame KRR-KRR} 26. Rd2 Re6 27. Kg2 Rde8 28. Rfxd5 Re2+ 29. Kh3 Rxd2 30. Rxd2 {KR-KR} Re7 31. Kg4 Kg7 32. h3 Kg6 33. h4 h5+ 34. Kf4 Re6 35. Kf3 (35. Rd7 $18) 35... Rf6+ 36. Ke3 Ra6 37. b3 Kf5 {intending ...Kg4.} 38. Kf3 f6 (38... Kf6 $16 39. c4 Ke7) 39. c4 (39. a4 $18) 39... Re6 $2 {[%mdl 8192]} (39... Ra3 $16 {was worth a try.} 40. Rd7 b6) 40. Rd7 $18 Rb6 41. Rd5+ Kg6 42. Kf4 Re6 (42... Ra6 {keeps fighting.} 43. a4 Re6) 43. Rd7 Rb6 44. Rc7 a6 45. c5 {Accuracy: White = 55%, Black = 52%.} (45. Ke4 $142) 1-0

[Event "Stay Safe Play From Home 318"]
[Site "Emanuel Lasker Arena"]
[Date "2020.07.20"]
[Round "2"]
[White "Declan 1234"]
[Black "TheCHESSHOUSE"]
[Result "0-1"]
[WhiteElo "1384"]
[BlackElo "1952"]
[Annotator "NA RC"]
[PlyCount "60"]
[EventDate "2020.07.20"]
[EventType "swiss (blitz)"]

1. e4 {[%emt 0:00:02]} g6 {[%emt 0:00:01]} 2. Nf3 {[%emt 0:00:02]} Bg7 {[%emt 0:00:01]} 3. c3 {[%emt 0:00:01]} d6 {[%emt 0:00:01]} 4. d4 {[%emt 0:00:01]} Nf6 {[%emt 0:00:01]} 5. Bd3 {[%emt 0:00:05]} O-O {[%emt 0:00:01]} 6. O-O {[%emt 0:00:02]} Nc6 {[%emt 0:00:00]} 7. Bf4 {[%emt 0:00:03]} Bg4 {[%emt 0:00:02]} 8. h3 {[%emt 0:00:03]} Bxf3 {[%emt 0:00:01]} 9. Qxf3 {[%emt 0:00:02]} e5 {[%emt 0:00:00]} 10. dxe5 {[%emt 0:00:02]} dxe5 {[%emt 0:00:00]} 11. Bg5 {[%emt 0:00:02]} h6 {[%emt 0:00:03]} 12. Bxf6 {[%emt 0:00:03]} Bxf6 {[%emt 0:00:01]} 13. Rd1 {[%emt 0:00:03]} Qe7 {[%emt 0:00:00]} 14. Bb5 {[%emt 0:00:05]} Rad8 {[%emt 0:00:05]} 15. Na3 {[%emt 0:00:05]} Na5 {[%emt 0:00:11]} 16. b4 {[%emt 0:00:08]} Nc6 {[%emt 0:00:02]} 17. Nc2 {[%emt 0:00:06]} Bg5 {[%emt 0:00:07]} 18. Qg3 {[%emt 0:00:20]} Bf4 {[%emt 0:00:01]} 19. Qg4 {[%emt 0:00:03]} Kg7 {[%emt 0:00:09]} 20. g3 {[%emt 0:00:02]} Bd2 {[%emt 0:00:01]} 21. c4 {[%emt 0:00:10]} Nxb4 {[%emt 0:00:02]} 22. Nxb4 {[%emt 0:00:02]} Bxb4 {[%emt 0:00:00]} 23. a3 {[%emt 0:00:06]} Bc5 {[%emt 0:00:01]} 24. Rd5 {[%emt 0:00:06]} c6 {[%emt 0:00:01]} 25. Rxd8 {[%emt 0:00:02]} Rxd8 {[%emt 0:00:00]} 26. Ba4 {[%emt 0:00:01]} Rd2 {[%emt 0:00:01]} 27. Rf1 {[%emt 0:00:04]} Qf6 {[%emt 0:00:01]} 28. Qd7 {[%emt 0:00:16]} Rxf2 {[%emt 0:00:03]} 29. Rxf2 {[%emt 0:00:06]} Qxf2+ {[%emt 0:00:00]} 30. Kh1 {[%emt 0:00:02]} Qg1# {[%emt 0:00:00] (Lag: Av=0.94s, max=1.7s)} 0-1

[Event "Stay Safe Play From Home 318"]
[Site "Emanuel Lasker Arena"]
[Date "2020.07.20"]
[Round "3"]
[White "Weltszmerc"]
[Black "Declan 1234"]
[Result "1-0"]
[WhiteElo "2068"]
[BlackElo "1383"]
[Annotator "NA RC"]
[PlyCount "67"]
[EventDate "2020.07.20"]
[EventType "swiss (blitz)"]

1. d4 {[%emt 0:00:02]} d6 {[%emt 0:00:02]} 2. c4 {[%emt 0:00:00]} Nf6 {[%emt 0:00:01]} 3. Nc3 {[%emt 0:00:00]} g6 {[%emt 0:00:01]} 4. e4 {[%emt 0:00:01]} Bg7 {[%emt 0:00:01]} 5. Nge2 {[%emt 0:00:01]} O-O {[%emt 0:00:01]} 6. f3 {[%emt 0:00:02]} Nbd7 {[%emt 0:00:02]} 7. Be3 {[%emt 0:00:00]} e5 {[%emt 0:00:02]} 8. d5 {[%emt 0:00:01]} Nc5 {[%emt 0:00:03]} 9. Qd2 {[%emt 0:00:05]} a5 {[%emt 0:00:02]} 10. g4 {[%emt 0:00:01]} c6 {[%emt 0:00:12]} 11. Ng3 {[%emt 0:00:02]} cxd5 {[%emt 0:00:04]} 12. cxd5 {[%emt 0:00:00]} b6 {[%emt 0:00:04]} 13. Bh6 {[%emt 0:00:03]} Re8 {[%emt 0:00:02]} 14. Bxg7 {[%emt 0:00:01]} Kxg7 {[%emt 0:00:01]} 15. h4 {[%emt 0:00:00]} Ba6 {[%emt 0:00:08]} 16. Bxa6 {[%emt 0:00:03]} Nxa6 {[%emt 0:00:05]} 17. h5 {[%emt 0:00:00]} Rc8 {[%emt 0:00:12]} 18. hxg6 {[%emt 0:00:01]} fxg6 {[%emt 0:00:04]} 19. Qh6+ {[%emt 0:00:01]} Kg8 {[%emt 0:00:07]} 20. g5 {[%emt 0:00:00]} Nh5 {[%emt 0:00:05]} 21. Rxh5 {[%emt 0:00:10]} gxh5 {[%emt 0:00:01]} 22. Nxh5 {[%emt 0:00:01]} Re7 {[%emt 0:00:06]} 23. Nf6+ {[%emt 0:00:02]} Kh8 {[%emt 0:00:08]} 24. O-O-O {[%emt 0:00:11]} Qf8 {[%emt 0:00:02]} 25. Qh4 {[%emt 0:00:07]} b5 {[%emt 0:00:06]} 26. Kb1 {[%emt 0:00:03]} b4 {[%emt 0:00:02]} 27. Ne2 {[%emt 0:00:01]} Qg7 {[%emt 0:00:08]} 28. Ng3 {[%emt 0:00:03]} Rec7 {[%emt 0:00:02]} 29. Nf5 {[%emt 0:00:02]} Qf8 {[%emt 0:00:12]} 30. g6 {[%emt 0:00:06]} Rg7 {[%emt 0:00:16]} 31. Nxh7 {[%emt 0:00:03]} Kg8 {[%emt 0:00:07]} 32. Nf6+ {[%emt 0:00:02]} Qxf6 {[%emt 0:00:07]} 33. Qxf6 {[%emt 0:00:00]} Rcc7 {[%emt 0:00:03]} 34. Qd8# {[%emt 0:00:01] (Lag: Av=1.14s, max=1.6s)} 1-0

[Event "Stay Safe Play From Home 318"]
[Site "Emanuel Lasker Arena"]
[Date "2020.07.20"]
[Round "3"]
[White "TheCHESSHOUSE"]
[Black "NTBT_DHS"]
[Result "0-1"]
[WhiteElo "1957"]
[BlackElo "1920"]
[Annotator "TA"]
[PlyCount "162"]
[EventDate "2020.07.20"]
[EventType "swiss (blitz)"]

{[%evp 27,162,35,45,-42,49,51,57,-22,-11,-22,0,0,9,0,5,0,0,-16,0,-41,-21,-31,0,-45,-28,-45,-6,-16,-21,-14,-16,-20,-2,-25,57,-121,-39,-60,-70,-166,-57,-185,-67,-74,-87,-119,76,98,93,10,17,0,45,0,44,-39,0,-318,-308,-360,-336,-431,-143,-143,-134,-141,-98,-164,-164,-184,-164,-166,-164,-183,-164,-184,-136,-176,-123,-142,-114,-107,-25,-112,-112,-112,-112,-560,8,-26,-63,-386,-8,-135,-128,-135,-137,-137,-137,-144,-137,-137,-189,-29974,-29975,-29973,-29976,-29976,-29977,-29985,-29986,-29986,-29987,-29987,-29988,-29988,-29982,-29982,-29982,-29982,-29983,-29985,-29983,-29983,-29984,-29984,0,-29987,-29984,-29985,-29982,-29983,-29984,-29984,-29985,-29990,-192]} 1. d4 g6 2. c4 Bg7 3. Nc3 Nf6 4. e4 O-O 5. Nf3 d6 6. Be2 e5 7. O-O Nc6 8. d5 Ne7 9. Ne1 Nd7 10. Be3 f5 11. f3 f4 12. Bf2 g5 13. g4 fxg3 14. hxg3 Ng6 15. Kg2 {E99: King's Indian: Classical Main Line: 9 Ne1 Nd7 10 f3 f5.} (15. Nd3 $14) 15... Nf6 (15... h5 $1 $15) 16. Nd3 $14 h5 {[#]} 17. Rc1 $146 (17. Qd2 $1 $14) ({Predecessor:} 17. Rh1 g4 18. fxg4 Nxg4 19. Qg1 Qg5 20. Rf1 h4 21. Bxg4 Qxg4 22. Be1 hxg3 23. Rxf8+ Bxf8 24. Qe3 Nh4+ 25. Kg1 Nf3+ 26. Kg2 Nh4+ 27. Kg1 {½-½ (27) Pieczonka,M (2144)-Michniewski,T (2190) Warsaw 2009}) 17... h4 $11 18. g4 c5 19. dxc6 bxc6 20. Qd2 Nh7 21. Be3 Be6 22. b3 Qf6 23. Kh3 Rf7 24. Rcd1 Raf8 25. Ne1 Rd8 26. Ng2 Nf4+ 27. Nxf4 $1 gxf4 28. Bf2 Ng5+ 29. Kh2 Bh6 30. Rh1 Bxg4 (30... Rh7 $11) 31. Rdg1 $2 (31. fxg4 $14 {was the only good move.} f3 32. Bf1) 31... Bh5 (31... Be6 $17 {And now ...Rg7 would win.} 32. Bxh4 Rg7 33. Bxg5 Bxg5) 32. Bxh4 $15 Rg7 33. Qe1 (33. Bxg5 $1 $15 Bxg5 34. Kg2) 33... Kf7 (33... Kh8 $1 $19 34. Nb1 Rdg8) 34. Rg2 (34. Qf2 $2 Rh8 $19) (34. Kg2 $1 $15) 34... Rh8 (34... Rdg8 $1 $19 35. Qf2 Kf8) 35. Kg1 ({Don't go for} 35. Qf2 $2 Bxf3 $1 {[%mdl 512]} 36. Rd1 Bxg2 $19) 35... Rhg8 $1 {Hoping for ...Nh3+!} ({Don't play} 35... Nxf3+ 36. Bxf3 Bg5 37. Bxh5+ Rxh5 38. Bxg5 $11) 36. Kf1 Qe6 $2 (36... Bxf3 $17 {keeps the pressure on.} 37. Bxf3 Nxf3 {[%mdl 64] Discovered Attack}) 37. Bxg5 $16 Rxg5 38. Rxg5 ({White should play} 38. Rgh2 $1 $16 {[%cal Rh2h5]} Qg6 39. Qf2) 38... Rxg5 $11 39. Qh4 Qg6 40. Qh2 Kg7 41. Rg1 (41. b4 $14) 41... Rg3 42. Rg2 $2 {[%mdl 8192]} (42. Rxg3 $11 {and White stays safe.} fxg3 43. Qh3) 42... Bxf3 $19 43. Bxf3 Rxf3+ {[%mdl 64] Double Attack} 44. Ke2 Rg3 $2 ({And not} 44... Rxc3 45. Rxg6+ Kxg6 46. Qh4 $14) (44... Re3+ $1 $19 45. Kf1 Bg5) 45. Kf2 $17 {[%cal Rg2g3]} Rxg2+ 46. Qxg2 Bg5 47. Ne2 (47. Qh3 $17) 47... Bh4+ $19 48. Kf1 Qxg2+ 49. Kxg2 {[%mdl 4096] Endgame KB-KN} Kf6 50. Kf3 Kg5 51. Ng1 Kh5 52. Nh3 Be7 (52... a5 $19 53. Ng1 Be1) 53. Ng1 Kh4 54. Ne2 Kh3 (54... Bd8 $17 55. b4 Bb6) 55. Nc3 (55. b4 $1 $11 {remains equal.}) 55... Kh2 $17 56. b4 Kg1 $1 57. b5 $2 {[%mdl 8192]} (57. Nd1 $17 {is tougher.}) 57... cxb5 $2 (57... c5 $1 $19 {White must now prevent ...Kf1.} 58. Nd5 Bd8) 58. Nxb5 a6 59. Na7 $2 {[%mdl 8192]} ({White must play} 59. Nc7 $1 $15 a5 60. Nb5) 59... Kf1 $2 ({Better is} 59... Bd8 $1 $19 {aiming for ...Kf1.} 60. Nc6 Bb6) 60. Nc8 (60. Nc6 $1 $11 Bf8 61. a4) 60... Bf8 61. Nb6 Ke1 $1 62. Nd7 Be7 63. c5 dxc5 {Strongly threatening ...c4.} 64. Nxe5 Kd2 65. Kxf4 $2 (65. Nc6 $19 Bg5 66. Nb8) 65... Bd6 66. Kf5 Bxe5 $1 67. Kxe5 {KPP-KPP} c4 68. Kd5 c3 69. e5 c2 70. e6 c1=Q 71. e7 Qe1 72. Kd6 Qe4 73. Kd7 Qd5+ 74. Ke8 Qe6 75. Kf8 Qf6+ 76. Ke8 Qe6 $2 (76... Kd3 77. Kd7 {[#]} Qf7 $1 {[%mdl 512]} 78. Kd8 Qd5+ 79. Ke8 Kd4 80. Kf8 Qf5+ 81. Kg7 Qe6 $1 {[%mdl 512]} 82. e8=Q Qxe8 83. Kf6 Ke4 84. a3 Kf4 85. a4 a5 86. Kg7 Kf5 87. Kh7 Kf6 88. Kh6 Qh8#) 77. a4 $2 {[%mdl 8192]} (77. Kf8 $11) 77... Qd6 {Black mates.} 78. a5 Qe6 79. Kf8 Qf6+ 80. Ke8 Kd3 81. Kd8 Qf5 $2 {Accuracy: White = 42%, Black = 44%.} (81... Ke4 {mates} 82. Kd7 Qf5+ 83. Kd8 Qd5+ 84. Kc8 Qe6+ 85. Kb7 Kd5 86. e8=B Qxe8 87. Kb6 Kd6 88. Kb7 Qb5+ 89. Ka7 Kc6 90. Ka8 Qb7#) 0-1